|
|
|
|
| LEADER |
00000nam a2200000 a 4500 |
| 001 |
vtls001262508 |
| 003 |
SK-MaSNL |
| 005 |
20260301234525.0 |
| 008 |
240315s1967 xr 0 cze |
| 035 |
|
|
|a SNK000213399
|
| 040 |
|
|
|a SNK
|b slo
|c SNK
|e AACR2
|
| 041 |
0 |
|
|a cze
|
| 044 |
|
|
|a xr
|c CZ
|
| 100 |
1 |
|
|a Bělohlávek, Miloslav,
|d 1923-2006
|4 aut
|9 202610
|
| 245 |
0 |
|
|a Loutky a Plzeň
|b Almanach vzpomínek na činnost národního umělce Josefa Skupy
|c Miloslav Bělohlávek
|
| 260 |
|
|
|a Plzeň
|b MNV
|c 1967
|
| 300 |
|
|
|a 51 s.
|c 8°
|
| 958 |
|
|
|a RK
|
| 958 |
|
|
|a OND
|
| 999 |
|
|
|c 970409
|d 972339
|
| 952 |
|
|
|t P60, <04>, [BOOK], {605}
|a SNK
|b SNK
|y VYP
|7 0
|o snkOID 745
|i snkKIP 1232/67
|0 0
|1 0
|4 0
|d 1996-10-03
|l 0
|r 2005-01-01 00:00:00
|w 2026-02-24
|
| 952 |
|
|
|t P60, <04>, [BOOK], {604}
|a SNK
|b SNK
|y VYP
|7 0
|o snkOID 745 D1
|0 0
|1 0
|4 0
|d 1996-10-03
|l 0
|r 2005-01-01 00:00:00
|w 2026-02-24
|